000 00503nam a22001457a 4500
003 SISC
005 20160728154608.0
008 160728b xxu||||| |||| 00| 0 eng d
050 _aML 3920
_b.Sa194 2004
100 _aSanchez, Celeste S.
245 _aWhat music therapy did to to George (experiences of a music therapist with special people /
_cCeleste S. Sanchez.
260 _aManila :
_bCarems Printing Press,
_c2004.
300 _a94 pages :
_billustrations (some color) ;
_c21 cm.
942 _2lcc
_cBK
999 _c298072
_d298072